Statistiques concernant Culture Générale - Série 450

Cliquez ici pour prendre le quiz!

Statistiques générales

  • Ce quiz a été pris 179 fois
  • Le résultat moyen est 4 sur 10

Statistiques - réponses

QuestionRéponse% Correct
Quel pays possède la plus grande superficie de lacs ?Canada
86%
Brad Pitt part à la conquête d'un sommet de l'Himalaya dans le film " Sept ans au ...Tibet
84%
Quel fruit a donné son nom au cocktail appelé "pina colada" ?ananas
64%
Dans "Les Bronzés font du ski", quel personnage se voit proposer un verre de vin chaud par son moniteur de ski ?Jean‐Claude Dusse
52%
Quel puy est le plus haut sommet du Massif central ?puy de Sancy
41%
Quelle infusion d'Amérique du Sud fabrique‐t‐on avec une variété de houx ?maté
27%
Quelle est la nationalité de l'alpiniste sir Edmund Hillary, qui a atteint le sommet de l'Everest en 1953 ?Néo‐Zélandaise
22%
En 1950, quel est le premier sommet de plus de 8 000 mètres conquis par l'homme ?L'Annapurna
18%
Quel chanteur réalise la BO du film "Diabolo menthe", de Diane Kurys ?Yves Simon
16%
Avec quelle plante le mescal est‐il fabriqué ?agave
10%

Distribution des résultats

Percentile par nombre de réponses

% des personnes avec chaque résultat

Votre développement - résultats

Vous n’avez pas pris ce quiz